| 000 | 00477nam a2200169Ia 4500 | ||
|---|---|---|---|
| 008 | 230718s9999 xx 000 0 und d | ||
| 041 | _aeng | ||
| 082 |
_a005.73 _bTRE |
||
| 100 |
_aTremblay J.P. _9121170 |
||
| 245 | _aIntroduction to Data Structures with Applications | ||
| 250 | _a2nd | ||
| 260 |
_c2009 _bTata Mc-Graw Hill |
||
| 300 | _a861 | ||
| 365 |
_cRs. _b365.00 |
||
| 700 | _aTremblay J.P. & Sorenson P.G. | ||
| 906 |
_dO:0015615-Jul-2009B:733809-Jul-2009 _cIT _b365 |
||
| 999 |
_c321839 _d321839 |
||